| 000 | 00459nam a2200145Ia 4500 | ||
|---|---|---|---|
| 008 | 220326s9999||||xx |||||||||||||| ||und|| | ||
| 020 | _a979-518-056-1 | ||
| 084 | _a10126 ANO Gov Bo.1 | ||
| 100 | _aAnonim | ||
| 245 | 0 | _aPokok-Pokok Pemerintahan di Daerah, Proses Pembuatan UU No.5 th. 1974 | |
| 260 |
_aJakarta _bRineka Cipta _c1991 |
||
| 300 | _axv + 416 halaman | ||
| 650 |
_aGovernment (Pemerintahan) _eG-O-V _yProses Pembuatan Undang-Undang |
||
| 942 | _cBK | ||
| 999 |
_c12692 _d12692 |
||